000 00580cam a22002291 4500
001 sa 65010144
003 DLC
005 20260227112206.0
008 890803s1962 ii ach 000 0 hino
010 _asa 65010144
035 _a(OCoLC)20121674
040 _aDLC
_cWaU
_dDLC
042 _apremarc
043 _aa-ii---
050 0 0 _aRA771
_b.I5
110 1 _aIndia.
_bCentral Health Education Bureau.
245 1 0 _aSvastha Bhārata.
260 _c[1962]
300 _avi, 26 p.
_billus., facsim., ports.
_c24 cm.
500 _aIn Hindi.
650 0 _aRural health
_zIndia.
999 _c66576
_d66576